UBT Library

FINANCIAL ACCOUNTING (Record no. 58642)

000 -LEADER
fixed length control field 00334nam a22001457a 4500
008 - FIXED-LENGTH DATA ELEMENTS--GENERAL INFORMATION
fixed length control field 221021b ||||| |||| 00| 0 eng d
020 ## - INTERNATIONAL STANDARD BOOK NUMBER
International Standard Book Number 9785388741394
041 ## - LANGUAGE CODE
Language code of text/sound track or separate title eng
080 ## - UNIVERSAL DECIMAL CLASSIFICATION NUMBER
Edition identifier 7TH EDITION
Universal Decimal Classification number 330.722
082 ## - DEWEY DECIMAL CLASSIFICATION NUMBER
Classification number 330.722 WAR
100 ## - Rafti
Rafti 23.2
101 ## - Shkurtesa
Shkurtesa FIN
245 ## - TITLE STATEMENT
Title FINANCIAL ACCOUNTING
Statement of responsibility, etc WARREN
942 ## - ADDED ENTRY ELEMENTS (KOHA)
Source of classification or shelving scheme
Item type Books
Holdings
Withdrawn status Lost status Source of classification or shelving scheme Damaged status Not for loan Collection code Permanent location Current location Date acquired Total Checkouts Full call number Barcode Date last seen Price effective from Koha item type
          Koleksioni i përgjithshem UBT - Lipjan UBT - Lipjan 10/21/2022   330.722 WAR 002-800028700260287 10/21/2022 10/21/2022 Books
UBT Library © 2015-2024. All rights reserved University Education for Business and Technology